LEADER 01330nam--2200409---450- 001 990002687280203316 005 20060222134450.0 010 $a88-826-5007-3 035 $a000268728 035 $aUSA01000268728 035 $a(ALEPH)000268728USA01 035 $a000268728 100 $a20051118d1997----km-y0itay0103----ba 101 $aita 102 $aIT 105 $aa|||||||001yy 200 1 $aArchitettura e pianificazione urbana nell'Italia antica$f[a cura di Lorenzo Quilici e Stefania Quilici Gigli] 210 $aRoma$c<>Erma di Bretschneider$dcopyr. 1997 215 $a260 p.$cill.$d26 cm 225 2 $aAtlante tematico di topografia antica$v6 410 0$12001$aAtlante tematico di topografia antica$v6 454 1$12001 461 1$1001-------$12001 606 0 $aArchitettura$zItalia antica 606 $aUrbanistica$zItalia antica 676 $a722.70937 702 1 $aQUILICI GIGLI,$bStefania 702 1 $aQUILICI,$bLorenzo 801 0$aIT$bsalbc$gISBD 912 $a990002687280203316 951 $aXI.5. Coll.5/ 3(X B Coll. 134/6)$b181065 L.M.$cX B$d00179401 959 $aBK 969 $aUMA 979 $aVITALE$b90$c20051118$lUSA01$h1616 979 $aCOPAT5$b90$c20060222$lUSA01$h1344 996 $aArchitettura e pianificazione urbana nell'Italia antica$986642 997 $aUNISA LEADER 00980nam0-2200301 --450 001 9910507309503321 005 20211117105723.0 010 $a978-88-94466-83-6 100 $a20211117d2019----kmuy0itay5050 ba 101 0 $aita 102 $aIT 105 $aa 001yy 200 1 $aCento anni di socialismo$edal Partito Rivoluzionario di Romagna a Bettino Craxi$fPaolo Garofalo$gprefazione di Stefania Craxi 210 $aCatania$cOfficina della stampa edizioni$d2019 215 $a114 p.$cill.$d21 cm 225 1 $a<< >>simboli della politica 320 $aContiene bibl. (pag. 111) 610 0 $aPartito socialista iItaliano$a1982-1992 676 $a324.2450742$v23$zita 700 1$aGarofalo,$bPaolo$c$0127293 702 1$aCraxi,$bStefania 801 0$aIT$bUNINA$gREICAT$2UNIMARC 901 $aBK 912 $a9910507309503321 952 $aXII A 1608$b2665/2021$fFSPBC 959 $aFSPBC 996 $aCento anni di socialismo$92046201 997 $aUNINA LEADER 01389cam a2200289 a 4500 001 991002908569707536 008 941018s1993 fr a b 101 0 fre 020 $a2701800757 035 $ab14252971-39ule_inst 040 $aDip.to Beni Culturali$bita 111 2 $aColloque international "L'Illyrie méridionale et l'Epire dans l'Antiquité"$n(2. :$d1990 :$cClermont-Ferrand, France)$0481320 245 12$aL'Illyrie méridionale et l'Epire dans l'Antiquité--II :$bactes du IIe Colloque international de Clermont-Ferrand, 25-27 octobre 1990 /$créunis par Pierre Cabanes 260 $aParis :$bDe Boccard,$cc1993 300 $a284 p. :$bill. ;$c28 cm. 500 $aTesto in francese, inglese e italiano 504 $aContiene bibliografia 651 4$aIlliria$xAntichità$xCongresso 651 4$aIlliria$xStoria$xCongresso 651 4$aEpiro (Grecia e Albania)$xAntichità$xCongresso 651 0$aEpiro (Grecia e Albania)$xHistory$xCongresso 700 1 $aCabanes, Pierre$eauthor$4http://id.loc.gov/vocabulary/relators/aut$0204957 907 $a.b14252971$b13-04-16$c13-04-16 912 $a991002908569707536 945 $aLe001 AN XXI 381b$g1$i2001000103300$lle001$og$pE30.00$q-$rl$s- $t0$u0$v0$w0$x0$y.i15717835$z13-04-16 996 $aIllyrie méridionale et l'Epire dans l'Antiquité--II$91444088 997 $aUNISALENTO 998 $ale001$b13-04-16$cm$da $e-$ffre$gfr $h2$i0 LEADER 01125nam0 22003131i 450 001 RML0293858 005 20231121125738.0 010 $a0415369045 100 $a20121121d2005 ||||0itac50 ba 101 | $aeng 102 $agb 181 1$6z01$ai $bxxxe 182 1$6z01$an 200 1 $aCorruption and good governance in Asia$fedited by Nicholas Tarling 210 $aLondon $cRoutledge $dc2005 215 $aXII, 282 p.$d24 cm 606 $aAmministrazione pubblica$2FIR$3RMLC004946$9I 606 $aAsia$2FIR$3RMLC085497$9I 606 $aCorruzione$2FIR$3RMLC385047$9I 676 $a364.13$9$v21 702 1$aTarling$b, Nicholas$3RMLV189748 801 3$aIT$bIT-01$c20121121 850 $aIT-FR0098 899 $aBiblioteca Area Giuridico Economica$bFR0098 912 $aRML0293858 950 0$aBiblioteca Area Giuridico Economica$d 53DIMET 364.13/4$e 53VM 0000635065 VM barcode:BAGE000849. - Inventario:88. - Fondo:Sala consultazioneVM$fA $h20061120$i20121204 977 $a 53 996 $aCorruption and good governance in Asia$93628539 997 $aUNICAS LEADER 03599nam 22007095 450 001 9910520061503321 005 20251107173157.0 010 $a3-030-89550-5 024 7 $a10.1007/978-3-030-89550-1 035 $a(MiAaPQ)EBC6838896 035 $a(Au-PeEL)EBL6838896 035 $a(CKB)20275208900041 035 $a(OCoLC)1292355043 035 $a(PPN)259390925 035 $a(DE-He213)978-3-030-89550-1 035 $a(EXLCZ)9920275208900041 100 $a20211216d2021 u| 0 101 0 $aeng 135 $aurcnu|||||||| 181 $ctxt$2rdacontent 182 $cc$2rdamedia 183 $acr$2rdacarrier 200 10$aPlane Finite Elements for Two-Dimensional Problems $eApplication of the Computer Algebra System Maxima /$fby Andreas Öchsner, Resam Makvandi 205 $a1st ed. 2021. 210 1$aCham :$cSpringer International Publishing :$cImprint: Springer,$d2021. 215 $a1 online resource (257 pages) 225 1 $aPhysics and Astronomy Series 300 $aIncludes index. 311 08$aPrint version: Öchsner, Andreas Plane Finite Elements for Two-Dimensional Problems Cham : Springer International Publishing AG,c2021 9783030895495 327 $aIntroduction -- Maxima - A Computer Algebra System -- Plane Elements.-Classical Plate Elements -- Shear Deformable Plate Elements.-Graphical User Interface -- Source Codes. 330 $aThis book is intended as a study aid for the finite element method. Based on the free computer algebra system Maxima, we offer routines to symbolically or numerically solve problems from the context of two-dimensional problems. For this rather advanced topic, classical ?hand calculations? are difficult to perform and the incorporation of a computer algebra system is a convenient approach to handle, for example, larger matrix operations. The mechanical theories focus on the classical two-dimensional structural elements, i.e., plane elements, thin or classical plates, and thick or shear deformable plate elements. The use of a computer algebra system and the incorporated functions, e.g., for matrix operations, allows to focus more on the methodology of the finite element method and not on standard procedures. Furthermore, we offer a graphical user interface (GUI) to facilitate the model definition. Thus, the user may enter the required definitions in a source code manner directly in wxMaxima or use the GUI which is able to execute wxMaxime to perform the calculations. 410 0$aPhysics and Astronomy Series 606 $aMechanics, Applied 606 $aContinuum mechanics 606 $aNumerical analysis 606 $aComputer simulation 606 $aComputer science$xMathematics 606 $aEngineering Mechanics 606 $aContinuum Mechanics 606 $aNumerical Analysis 606 $aComputer Modelling 606 $aSymbolic and Algebraic Manipulation 615 0$aMechanics, Applied. 615 0$aContinuum mechanics. 615 0$aNumerical analysis. 615 0$aComputer simulation. 615 0$aComputer science$xMathematics. 615 14$aEngineering Mechanics. 615 24$aContinuum Mechanics. 615 24$aNumerical Analysis. 615 24$aComputer Modelling. 615 24$aSymbolic and Algebraic Manipulation. 676 $a518.25 700 $aO?chsner$b Andreas$0317948 702 $aMakvandi$b Resam 801 0$bMiAaPQ 801 1$bMiAaPQ 801 2$bMiAaPQ 906 $aBOOK 912 $a9910520061503321 996 $aPlane finite elements for two-dimensional problems$92909930 997 $aUNINA